|
|
|
|
| LEADER |
00000cam a2200000 7i4500 |
| 001 |
0000022042 |
| 005 |
20080724.0 |
| 008 |
080724 |
| 020 |
|
|
|a 9831939107
|
| 090 |
0 |
0 |
|a 297.0712
|b REL
|
| 245 |
1 |
0 |
|a Pendidikan Islam SPM
|c Rosnani Rifin ...[et al.]
|
| 260 |
|
|
|a Selangor :
|b PNI Neuron (M) Sdn. Bhd ,
|c 2008
|
| 440 |
|
|
|a Masteri memori melalui peta minda
|
| 650 |
|
0 |
|a Islamic education
|
| 650 |
|
0 |
|a Islam
|x Study and teaching
|
| 700 |
0 |
|
|a Nor Aslina Mamat
|
| 999 |
|
|
|a 0001034668
|b Book
|c Teenagers
|e Perbadanan Perpustakaan Awam Johor
|
| 999 |
|
|
|a 0001034669
|b Book
|c Teenagers
|e Perbadanan Perpustakaan Awam Johor
|
| 999 |
|
|
|a 0001034671
|b Book
|c Teenagers
|e Perbadanan Perpustakaan Awam Johor
|
| 999 |
|
|
|a 0001034672
|b Book
|c Teenagers
|e Perbadanan Perpustakaan Awam Johor
|